000 00916nam a2200301 i 4500
003 EG-GICUC
005 20260121101453.0
008 251212s1967 uk ||||fr ||| 00| 0 eng d
040 _aEG-GICUC
_cEG-GICUC
_dEG-GICUC
_erda
_beng
041 0 _aeng
082 0 4 _221
_a341.23
_bNI . U
092 0 4 _221
099 _aLaw1 11 341.23 NI . U 1967
100 1 _aNicholas,H.G
_eAuthor.
245 1 2 _aThe United Nations As APolitical Institution /
_cH.G.Nicholas.
250 _athird Edition
264 0 _aUnited Kingdom :
_bOxford University Press ,
_c1967 .
300 _a202 Pages;
_c30 cm.
336 _atext
_2rda content
337 _aComputer
_2rda media
338 _aOnline Resource
_2rda carrier
546 _aText in English
650 0 4 _aPublic international law
650 0 4 _aUnited Nations
856 _uhttps://fll.law.cu.edu.eg/fulltext/th/B11-05171.pdf
905 _a59
942 _2ddc
_cBK
_e21
_n0
999 _c49889
_d49889